000 00687nam a2200217Ii 4500
001 13351
003 CO-ViMGA
008 241108s9999||||xx |||||||||||||| ||und||
020 _a929057027X
040 _aCO-ViMGA
_bspa
_erda
_cCO-ViMGA
041 0 _aspa
082 0 4 _aF.FC 070.54 - A71l
100 1 _aJuan Ignacio Arango F.
_949189
245 1 0 _aEl libro en Colombia
264 1 _aBogotá, Colombia : Centro Regional para el Fomento del Libro en América Latina y el Caribe "CERLALC", 1991
300 _avolumen
336 _atext
_btxt
_2rdacontent
337 _aunmediated
_bn
_2rdamedia
338 _avolume
_bnc
_2rdacarrier
940 _aidficha_siabuc: 13053. -- ficha_no_siabuc:13351
999 _c43832
_d43832